[Event "GER-chT Lands U20"]
[Site "Wiesbaden"]
[Date "2022.10.03"]
[Round "5.6"]
[White "Post, Hugo"]
[Black "Waffenschmidt, Lars"]
[Result "0-1"]
[WhiteElo "2176"]
[BlackElo "2302"]
[PlyCount "104"]
[EventDate "2022.09.30"]
[EventType "team-swiss"]
[EventRounds "7"]
[EventCountry "GER"]
[SourceTitle "CBM 210 Extra"]
[Source "ChessBase"]
[SourceDate "2022.11.30"]
[SourceVersion "1"]
[SourceVersionDate "2022.11.30"]
[SourceQuality "1"]
[WhiteTeam "Sachsen Anhalt U20"]
[BlackTeam "Wuerttemberg U20"]
[WhiteTeamCountry "GER"]
[BlackTeamCountry "GER"]

1. e4 e5 2. Nf3 Nc6 3. Bb5 a6 4. Ba4 Nf6 5. 0-0 Be7 6. Re1 b5 7. Bb3 d6 8. c3 0-0 9. h3 Nb8 10. d4 Nbd7 11. c4 c6 12. Nc3 Qc7 13. cxb5 axb5 14. Qc2 Ba6 15. a3 Qb7 16. Be3 exd4 17. Nxd4 Rfe8 18. Nf5 Bf8 19. Rad1 Rab8 20. Rxd6 c5 21. Bd5 Nxd5 22. Nxd5 Re6 23. Bf4 Bxd6 24. Nxd6 Qc6 25. Qc3 Nf6 26. Nb4 Qb6 27. Nxa6 Qxa6 28. Qxc5 Rd8 29. Nxb5 Nxe4 30. Qc7 Rc8 31. Qd7 Nc5 32. Rxe6 fxe6 33. Nc7 Nxd7 34. Nxa6 Rc2 35. b4 e5 36. Be3 Ra2 37. Nc5 Nxc5 38. bxc5 Rxa3 39. Kh2 Kf7 40. Kg3 Kf6 41. Kf3 Kf5 42. Ke2 Ke4 43. Kd2 Ra2+ 44. Kc3 Kd5 45. Kb3 Ra1 46. Kc3 Rh1 47. Kb4 Kc6 48. Kc4 Rh2 49. Kd3 Rxg2 50. Ke4 Rh2 51. Kxe5 Rxh3 52. Ke6 Rf3 0-1

[Event "GER-chT Lands U20"]
[Site "Wiesbaden"]
[Date "2022.10.02"]
[Round "4.6"]
[White "Weishaeutel, Moritz"]
[Black "Post, Hugo"]
[Result "1-0"]
[WhiteElo "2401"]
[BlackElo "2176"]
[PlyCount "77"]
[EventDate "2022.09.30"]
[EventType "team-swiss"]
[EventRounds "7"]
[EventCountry "GER"]
[SourceTitle "CBM 210 Extra"]
[Source "ChessBase"]
[SourceDate "2022.11.30"]
[SourceVersion "1"]
[SourceVersionDate "2022.11.30"]
[SourceQuality "1"]
[WhiteTeam "Thueringen U20"]
[BlackTeam "Sachsen Anhalt U20"]
[WhiteTeamCountry "GER"]
[BlackTeamCountry "GER"]

1. d4 Nf6 2. Nc3 d5 3. Bf4 Bf5 4. f3 Nc6 5. e3 e6 6. g4 Bg6 7. h4 h5 8. g5 Ng8 9. Qd2 Bd6 10. Nge2 Nge7 11. 0-0-0 Na5 12. Bxd6 Nc4 13. Qe1 cxd6 14. Nf4 Rc8 15. e4 dxe4 16. fxe4 Qa5 17. Bxc4 Rxc4 18. Qe2 b5 19. Rhf1 0-0 20. Kb1 Rfc8 21. Nxg6 Nxg6 22. Qxh5 b4 23. Rxf7 Nf4 24. Rxf4 bxc3 25. Qf7+ Kh8 26. g6 Rg8 27. Rdf1 Rcc8 28. Rf5 exf5 29. Rxf5 Qxf5 30. Qxf5 Rge8 31. Qh5+ Kg8 32. Qh7+ Kf8 33. Qh8+ Ke7 34. Qxg7+ Kd8 35. Qf6+ Kc7 36. bxc3 Rxe4 37. Qf7+ Kc6 38. g7 Rb8+ 39. Kc1 1-0

[Event "BL2-Ost 2122"]
[Site "Germany"]
[Date "2022.03.06"]
[Round "2.6"]
[White "Post, Hugo"]
[Black "Ganaus, Hannes"]
[Result "1-0"]
[WhiteElo "2184"]
[BlackElo "2252"]
[PlyCount "87"]
[EventDate "2022.03.05"]
[EventType "team-tourn"]
[EventRounds "10"]
[EventCountry "GER"]
[SourceTitle "EXT 2023"]
[Source "ChessBase"]
[SourceDate "2022.10.05"]
[SourceVersion "1"]
[SourceVersionDate "2022.10.05"]
[SourceQuality "1"]
[WhiteTeam "Loeberitz"]
[BlackTeam "Regensburg Bavaria"]
[WhiteTeamCountry "GER"]
[BlackTeamCountry "GER"]

1. e4 e5 2. Nf3 Nc6 3. Bc4 Nf6 4. d3 h6 5. c3 d6 6. Nbd2 g6 7. a4 Bg7 8. Nf1 0-0 9. Ne3 a5 10. Bd2 Ne7 11. Ba2 Kh7 12. h4 Nh5 13. Qc2 c6 14. g4 Nf4 15. h5 g5 16. Nf5 Nxf5 17. gxf5 b5 18. Bxf4 gxf4 19. axb5 cxb5 20. Bd5 Rb8 21. Qb3 Qc7 22. Ke2 Bf6 23. Rhg1 a4 24. Qb4 Bb7 25. Bxb7 Rxb7 26. Qa3 Rd8 27. Qa2 d5 28. Rad1 Qc6 29. Nd2 Rbd7 30. exd5 Rxd5 31. Ne4 Bh8 32. Qb1 Rxd3 33. Rxd3 Qxe4+ 34. Kd2 Rf8 35. Rd6 Qf3 36. Ke1 e4 37. Qd1 Qxd1+ 38. Kxd1 a3 39. Kc2 axb2 40. f6 e3 41. fxe3 fxe3 42. Kxb2 e2 43. Kc2 Re8 44. Kd2 1-0

[Event "Sachsen-Anhalt-ch"]
[Site "Magdeburg"]
[Date "2021.10.30"]
[Round "6"]
[White "Post, Hugo"]
[Black "Paul, Johannes"]
[Result "1/2-1/2"]
[WhiteElo "2188"]
[BlackElo "2312"]
[PlyCount "109"]
[EventDate "2021.10.28"]
[EventType "swiss"]
[EventRounds "7"]
[EventCountry "GER"]
[SourceTitle "CBM 205 Extra"]
[Source "ChessBase"]
[SourceDate "2022.01.31"]
[SourceVersion "1"]
[SourceVersionDate "2022.01.31"]
[SourceQuality "1"]

1. e4 e6 2. d4 d5 3. Nd2 c5 4. exd5 Qxd5 5. Ngf3 cxd4 6. Bc4 Qd7 7. 0-0 Nc6 8. Nb3 Nf6 9. Bf4 Bd6 10. Bxd6 Qxd6 11. Nbxd4 Nxd4 12. Qxd4 Qxd4 13. Nxd4 Ke7 14. Rfe1 g6 15. a4 Rd8 16. c3 Bd7 17. a5 Rac8 18. Bf1 a6 19. Ra3 Ne8 20. g3 Nd6 21. Bg2 Rc7 22. Rb3 Nb5 23. Nc2 Bc6 24. Bxc6 Rxc6 25. Nd4 Nxd4 26. Rxb7+ Rd7 27. Rxd7+ Kxd7 28. cxd4 Rc4 29. Re3 Rb4 30. Rf3 f5 31. g4 Rxb2 32. gxf5 exf5 33. Rh3 Rb5 34. Rxh7+ Ke6 35. Rc7 Rxa5 36. Rc6+ Kf7 37. Kg2 Ra3 38. d5 g5 39. Re6 g4 40. Rb6 Ke7 41. Re6+ Kf7 42. Rb6 a5 43. Rb5 a4 44. d6 Rf3 45. h3 Ke6 46. hxg4 fxg4 47. Rb4 Ra3 48. Rxg4 Kxd6 49. Rg5 Ra1 50. Ra5 a3 51. f4 Ke6 52. Kf2 Kf6 53. Kg2 a2 54. Kh2 Ke6 55. Kg2 1/2-1/2

[Event "Sachsen-Anhalt-ch"]
[Site "Magdeburg"]
[Date "2021.10.29"]
[Round "4"]
[White "Malek, Daniel"]
[Black "Post, Hugo"]
[Result "1-0"]
[WhiteElo "2368"]
[BlackElo "2188"]
[PlyCount "139"]
[EventDate "2021.10.28"]
[EventType "swiss"]
[EventRounds "7"]
[EventCountry "GER"]
[SourceTitle "CBM 205 Extra"]
[Source "ChessBase"]
[SourceDate "2022.01.31"]
[SourceVersion "1"]
[SourceVersionDate "2022.01.31"]
[SourceQuality "1"]

1. e4 c5 2. Nf3 d6 3. Bb5+ Nc6 4. 0-0 Bd7 5. Re1 a6 6. Bxc6 Bxc6 7. d4 cxd4 8. Nxd4 Bd7 9. c4 Rc8 10. b3 Nf6 11. Bb2 e5 12. Nc2 Be7 13. Nc3 b5 14. cxb5 axb5 15. Nb4 0-0 16. Qd3 Qa5 17. Ncd5 Nxd5 18. Nxd5 Bd8 19. Bc3 Qa7 20. Bb4 Rc6 21. Nc3 Qd4 22. Qxd4 exd4 23. Nxb5 Rb6 24. a4 Bxb5 25. axb5 Bf6 26. Ra6 Rxb5 27. Bxd6 Re8 28. b4 h6 29. Kf1 d3 30. f3 Bc3 31. Rd1 d2 32. Rc6 Bxb4 33. Bxb4 Rxb4 34. Rxd2 Rb7 35. Kf2 h5 36. Kg3 g6 37. Kf4 Kg7 38. Rcd6 Ree7 39. g3 Ra7 40. h3 Rab7 41. g4 hxg4 42. hxg4 Rb8 43. Rh2 Rh8 44. Rxh8 Kxh8 45. e5 Kg7 46. Ke4 Ra7 47. f4 Rb7 48. f5 gxf5+ 49. gxf5 Rb1 50. Rd3 Rb4+ 51. Rd4 Rb1 52. Kd5 Rb5+ 53. Kd6 Rb6+ 54. Kc5 Ra6 55. Rd7 Kf8 56. Rb7 Ke8 57. Rc7 Ra1 58. Kd5 Rd1+ 59. Ke4 Re1+ 60. Kf4 Re2 61. Kg5 Rxe5 62. Kf6 Ra5 63. Rc8+ Kd7 64. Rf8 Kd6 65. Rxf7 Ra1 66. Re7 Rg1 67. Re2 Kd7 68. Kf7 Rg5 69. Rd2+ Kc6 70. f6 1-0

[Event "Sachsen-Anhalt-ch"]
[Site "Magdeburg"]
[Date "2021.10.29"]
[Round "3"]
[White "Post, Hugo"]
[Black "Mertens, Fridolin"]
[Result "1-0"]
[WhiteElo "2188"]
[BlackElo "2139"]
[PlyCount "65"]
[EventDate "2021.10.28"]
[EventType "swiss"]
[EventRounds "7"]
[EventCountry "GER"]
[SourceTitle "CBM 205 Extra"]
[Source "ChessBase"]
[SourceDate "2022.01.31"]
[SourceVersion "1"]
[SourceVersionDate "2022.01.31"]
[SourceQuality "1"]

1. e4 c6 2. d4 d5 3. exd5 cxd5 4. Bd3 Nf6 5. h3 e6 6. Nf3 Bd6 7. 0-0 0-0 8. Re1 Nbd7 9. Nbd2 Qc7 10. Nf1 Rb8 11. Qe2 Re8 12. Ne5 Nf8 13. h4 N6d7 14. h5 f6 15. Ng4 Bf4 16. Qf3 Bxc1 17. Raxc1 h6 18. Nfe3 Nb6 19. Nxf6+ gxf6 20. Ng4 f5 21. Nf6+ Kf7 22. Nxe8 Kxe8 23. Qxf5 Qf7 24. Qe5 Ra8 25. Re3 Kd8 26. Rf3 Qe7 27. Qh8 Nbd7 28. Bb5 Kc7 29. c4 a6 30. cxd5+ Kb6 31. Bc4 exd5 32. Qxh6+ Ka7 33. Bxd5 1-0

[Event "GER-chT Lands U20"]
[Site "Neumuenster"]
[Date "2021.10.05"]
[Round "6.7"]
[White "Grossmann, Piet"]
[Black "Post, Hugo"]
[Result "1-0"]
[WhiteElo "1953"]
[BlackElo "2188"]
[PlyCount "81"]
[EventDate "2021.10.01"]
[EventType "team-swiss"]
[EventRounds "7"]
[EventCountry "GER"]
[SourceTitle "CBM 204 Extra"]
[Source "ChessBase"]
[SourceDate "2021.11.30"]
[SourceVersion "1"]
[SourceVersionDate "2021.11.30"]
[SourceQuality "1"]
[WhiteTeam "Mecklenburg Vorpommern"]
[BlackTeam "Sachsen Anhalt"]
[WhiteTeamCountry "GER"]
[BlackTeamCountry "GER"]

1. e4 c5 2. Nf3 d6 3. d4 cxd4 4. Nxd4 Nf6 5. Nc3 a6 6. Be3 e5 7. Nb3 Be6 8. f3 Be7 9. Qd2 h5 10. Nd5 Bxd5 11. exd5 Nbd7 12. Be2 Qc7 13. c4 a5 14. 0-0 0-0 15. Rfd1 a4 16. Nc1 Nb6 17. Qb4 Nfd7 18. Rb1 f5 19. b3 a3 20. Bf1 Nc5 21. Ne2 Nbd7 22. Nc3 Qd8 23. Nb5 h4 24. h3 f4 25. Bxc5 Nxc5 26. Nc3 e4 27. Nxe4 Nxe4 28. fxe4 f3 29. e5 dxe5 30. d6 Bg5 31. Qxb7 Be3+ 32. Kh1 Qg5 33. Rd3 Qg3 34. Rxe3 fxg2+ 35. Bxg2 Qxe3 36. Qe7 Qd4 37. Bd5+ Kh8 38. Rg1 Rg8 39. Bxa8 Qf4 40. Bd5 g5 41. Qf7 1-0

[Event "GER-ch U18"]
[Site "Willingen"]
[Date "2021.08.27"]
[Round "7"]
[White "Post, Hugo"]
[Black "Weishaeutel, Moritz"]
[Result "0-1"]
[WhiteElo "2245"]
[BlackElo "2270"]
[PlyCount "80"]
[EventDate "2021.08.22"]
[EventType "swiss"]
[EventRounds "9"]
[EventCountry "GER"]
[SourceTitle "EXT 2022"]
[Source "ChessBase"]
[SourceDate "2021.10.06"]
[SourceVersion "1"]
[SourceVersionDate "2021.10.06"]
[SourceQuality "1"]

1. e4 c5 2. Nf3 d6 3. d4 cxd4 4. Nxd4 Nf6 5. Nc3 a6 6. Be3 e6 7. Be2 Nbd7 8. g4 h6 9. f4 g5 10. f5 Ne5 11. h3 Qe7 12. Qd2 b5 13. Nf3 b4 14. Na4 Nxe4 15. Qxb4 exf5 16. Nb6 Ng3 17. Nxe5 dxe5 18. Qxe7+ Bxe7 19. Nxa8 Nxh1 20. Nc7+ Kf8 21. Bxa6 Bxa6 22. Nxa6 f4 23. Bg1 e4 24. Bd4 f6 25. b4 h5 26. b5 hxg4 27. b6 gxh3 28. b7 Kf7 29. b8Q Rxb8 30. Nxb8 h2 31. a4 Ng3 32. Kf2 h1Q 33. Rxh1 Nxh1+ 34. Kg2 e3 35. Kxh1 e2 36. Bf2 f3 37. Na6 g4 38. Kg1 Bd6 39. Be1 g3 40. c3 Bf4 0-1

[Event "GER-ch U18"]
[Site "Willingen"]
[Date "2021.08.26"]
[Round "5"]
[White "Kolb, Tobias"]
[Black "Post, Hugo"]
[Result "1-0"]
[WhiteElo "2307"]
[BlackElo "2245"]
[PlyCount "87"]
[EventDate "2021.08.22"]
[EventType "swiss"]
[EventRounds "9"]
[EventCountry "GER"]
[SourceTitle "EXT 2022"]
[Source "ChessBase"]
[SourceDate "2021.10.06"]
[SourceVersion "1"]
[SourceVersionDate "2021.10.06"]
[SourceQuality "1"]

1. d4 Nf6 2. c4 g6 3. Nc3 Bg7 4. e4 d6 5. Be2 0-0 6. Nf3 Nbd7 7. h3 e5 8. d5 Nc5 9. Qc2 a5 10. g4 Ne8 11. Bg5 f6 12. Be3 f5 13. gxf5 gxf5 14. Bg5 Qd7 15. Nh4 Qf7 16. exf5 h6 17. Be3 Qf6 18. Ng6 Rf7 19. Bg4 h5 20. Ne4 Nxe4 21. Qxe4 hxg4 22. hxg4 Qd8 23. 0-0-0 Nf6 24. Qg2 Nxg4 25. Qxg4 Bxf5 26. Qh5 Bxg6 27. Qxg6 Qf6 28. Qh7+ Kf8 29. Rdg1 Ke8 30. Rg6 Qf3 31. Rh3 Bf8 32. Re6+ Kd7 33. Qg6 Qf5 34. Qxf5 Rxf5 35. Rh7+ Kd8 36. Kd2 b6 37. Kd3 e4+ 38. Kxe4 Re5+ 39. Rxe5 dxe5 40. Rh8 Ke7 41. Bh6 Bxh6 42. Rxa8 Bf4 43. c5 Kd7 44. cxb6 1-0

[Event "GER-ch U18"]
[Site "Willingen"]
[Date "2021.08.24"]
[Round "3"]
[White "Popist, Florian"]
[Black "Post, Hugo"]
[Result "1-0"]
[WhiteElo "2077"]
[BlackElo "2245"]
[PlyCount "107"]
[EventDate "2021.08.22"]
[EventType "swiss"]
[EventRounds "9"]
[EventCountry "GER"]
[SourceTitle "EXT 2022"]
[Source "ChessBase"]
[SourceDate "2021.10.06"]
[SourceVersion "1"]
[SourceVersionDate "2021.10.06"]
[SourceQuality "1"]

1. e4 c5 2. Nc3 Nc6 3. Bb5 Nd4 4. Nf3 e6 5. 0-0 a6 6. Bd3 Nc6 7. b3 Nge7 8. e5 Ng6 9. Re1 b6 10. Bb2 Bb7 11. Ne4 Qb8 12. Ng3 Qc7 13. Nh5 Nb4 14. Be4 Nd5 15. c4 Ndf4 16. Nxf4 Nxf4 17. d4 h6 18. Bc1 g5 19. Bxf4 gxf4 20. Qd2 0-0-0 21. Qxf4 f5 22. Bxb7+ Qxb7 23. Rad1 Rg8 24. d5 Rg4 25. Qe3 exd5 26. Rxd5 Be7 27. e6 Re4 28. Qxh6 dxe6 29. Rxe4 exd5 30. Re1 dxc4 31. Qe6+ Qd7 32. Qxc4 Kb7 33. Qf7 Bd6 34. Qxd7+ Rxd7 35. Kf1 b5 36. Ne5 Bxe5 37. Rxe5 Kb6 38. Ke2 Rh7 39. Rxf5 Rxh2 40. g4 c4 41. bxc4 bxc4 42. Kd2 Rh3 43. g5 Rh4 44. Kc3 Kc6 45. f4 Kd7 46. g6 Rh8 47. Rf7+ Ke6 48. Kxc4 Rh4 49. Kb3 Rg4 50. f5+ Kd5 51. g7 a5 52. f6 a4+ 53. Ka3 Kc5 54. Rf8 1-0

[Event "GER-ch U18"]
[Site "Willingen"]
[Date "2021.08.23"]
[Round "2"]
[White "Post, Hugo"]
[Black "Suvorov, Alexander David"]
[Result "0-1"]
[WhiteElo "2245"]
[BlackElo "2333"]
[PlyCount "110"]
[EventDate "2021.08.22"]
[EventType "swiss"]
[EventRounds "9"]
[EventCountry "GER"]
[SourceTitle "EXT 2022"]
[Source "ChessBase"]
[SourceDate "2021.10.06"]
[SourceVersion "1"]
[SourceVersionDate "2021.10.06"]
[SourceQuality "1"]

1. e4 c5 2. Nf3 e6 3. d4 cxd4 4. Nxd4 Nc6 5. Nc3 Qc7 6. Be3 a6 7. Qf3 Nf6 8. 0-0-0 Ne5 9. Qg3 b5 10. a3 Bb7 11. Bxb5 Rc8 12. Ba4 Nxe4 13. Nxe4 Bxe4 14. Bf4 Qa5 15. Bxe5 Qxa4 16. Rd2 h5 17. Bd6 Bg6 18. Re1 Qc4 19. b3 Bxd6 20. Qxd6 Qc3 21. Kd1 Qc5 22. Qxc5 Rxc5 23. Nf3 f6 24. c4 Ke7 25. Rd4 Rhc8 26. Kd2 Bf7 27. Kc3 e5 28. Nd2 Be6 29. Rh4 Bg4 30. b4 R5c6 31. f4 Ke6 32. f5+ Kxf5 33. h3 Kg5 34. g3 Bf5 35. Rf1 Kg6 36. Kb3 Rd6 37. g4 hxg4 38. hxg4 Be6 39. Rf2 Rd4 40. Rg2 Bxc4+ 41. Nxc4 Rcxc4 42. Rh3 d5 43. Rc3 Rxc3+ 44. Kxc3 Rc4+ 45. Kb3 Rc6 46. a4 d4 47. b5 axb5 48. axb5 Rc8 49. Rc2 Rd8 50. b6 d3 51. Rd2 Rb8 52. Rxd3 Rxb6+ 53. Kc4 Rb1 54. Rg3 Rd1 55. Kc3 Kg5 0-1

[Event "GER-chT Lands U20"]
[Site "Berlin"]
[Date "2020.09.30"]
[Round "1.4"]
[White "Post, Hugo"]
[Black "Yi, Danny"]
[Result "1-0"]
[WhiteElo "2209"]
[BlackElo "2266"]
[PlyCount "81"]
[EventDate "2020.09.29"]
[EventType "team-swiss"]
[EventRounds "7"]
[EventCountry "GER"]
[SourceTitle "CBM 198 Extra"]
[Source "ChessBase"]
[SourceDate "2020.11.30"]
[SourceVersion "1"]
[SourceVersionDate "2020.11.30"]
[SourceQuality "1"]
[WhiteTeam "Sachsen Anhalt U20"]
[BlackTeam "Wuerttemberg U20"]
[WhiteTeamCountry "GER"]
[BlackTeamCountry "GER"]

1. e4 e5 2. Nf3 Nc6 3. Bb5 a6 4. Ba4 Nf6 5. 0-0 Be7 6. Re1 b5 7. Bb3 d6 8. c3 0-0 9. h3 Nb8 10. d4 Nbd7 11. c4 c6 12. Nc3 b4 13. Ne2 Nxe4 14. Qc2 Nef6 15. Ng3 Qc7 16. c5 Re8 17. Nf5 Bf8 18. cxd6 Bxd6 19. Ng5 Rf8 20. dxe5 Nxe5 21. Nxd6 Qxd6 22. Be3 Qd3 23. Bc5 Qxc2 24. Bxc2 Re8 25. Bd6 Ng6 26. Bb3 Nh8 27. Bxb4 Bd7 28. Bc4 h6 29. Nf3 Ng6 30. Rxe8+ Bxe8 31. Rd1 a5 32. Be1 a4 33. Rd6 Rb8 34. Bc3 Ne4 35. Rxg6 a3 36. Rxg7+ Kf8 37. Rg4 f5 38. Rg8+ Ke7 39. Rg7+ Kf8 40. Ra7 axb2 41. Bg7# 1-0

[Event "GER-chT U16"]
[Site "Magdeburg"]
[Date "2019.12.29"]
[Round "5.1"]
[White "Post, Hugo"]
[Black "Huber, Benedikt"]
[Result "1-0"]
[WhiteElo "2181"]
[BlackElo "2133"]
[PlyCount "55"]
[EventDate "2019.12.27"]
[EventType "team-swiss"]
[EventRounds "7"]
[EventCountry "GER"]
[SourceTitle "CBM 194 Extra"]
[Source "ChessBase"]
[SourceDate "2020.03.31"]
[SourceVersion "1"]
[SourceVersionDate "2020.03.31"]
[SourceQuality "1"]
[WhiteTeam "Halle Reideburger"]
[BlackTeam "Muenchen Suedost"]
[WhiteTeamCountry "GER"]
[BlackTeamCountry "GER"]

1. e4 c6 2. d4 d5 3. e5 c5 4. c3 Nc6 5. f4 cxd4 6. cxd4 Nh6 7. Nc3 Bg4 8. Be2 Bxe2 9. Ngxe2 e6 10. 0-0 Qb6 11. Kh1 0-0-0 12. Na4 Qa6 13. Be3 Nf5 14. Bg1 h5 15. g3 Be7 16. a3 Kb8 17. b4 Ka8 18. Rb1 b5 19. Nc5 Bxc5 20. bxc5 Qxa3 21. Ra1 Qb4 22. Rf3 Na5 23. Rfa3 Nc4 24. Rxa7+ Kb8 25. Ra8+ Kb7 26. R1a7+ Kc6 27. Rxd8 Rxd8 28. Qa1 1-0

[Event "GER-chT U16"]
[Site "Magdeburg"]
[Date "2019.12.28"]
[Round "4.1"]
[White "Koellner, Ruben Gideon"]
[Black "Post, Hugo"]
[Result "1-0"]
[WhiteElo "2330"]
[BlackElo "2181"]
[PlyCount "45"]
[EventDate "2019.12.27"]
[EventType "team-swiss"]
[EventRounds "7"]
[EventCountry "GER"]
[SourceTitle "CBM 194 Extra"]
[Source "ChessBase"]
[SourceDate "2020.03.31"]
[SourceVersion "1"]
[SourceVersionDate "2020.03.31"]
[SourceQuality "1"]
[WhiteTeam "Bochum SG"]
[BlackTeam "Halle Reideburger"]
[WhiteTeamCountry "GER"]
[BlackTeamCountry "GER"]

1. d4 Nf6 2. Bg5 Ne4 3. Bf4 d5 4. e3 c5 5. Bd3 Nf6 6. c3 Nc6 7. Nd2 Qb6 8. Rb1 Bg4 9. Ngf3 e6 10. Qa4 Be7 11. Ne5 0-0 12. Bg5 cxd4 13. cxd4 Nb4 14. 0-0 Nxd3 15. Bxf6 gxf6 16. Nxg4 Rac8 17. Qd1 f5 18. Nh6+ Kg7 19. Qh5 Qd8 20. f4 Rc2 21. Rf3 Rxd2 22. Rh3 Rg8 23. Rg3+ 1-0

[Event "GER-chT U16"]
[Site "Magdeburg"]
[Date "2019.12.28"]
[Round "3.1"]
[White "Post, Hugo"]
[Black "Woelk, Tom Frederic"]
[Result "1-0"]
[WhiteElo "2181"]
[BlackElo "2245"]
[PlyCount "51"]
[EventDate "2019.12.27"]
[EventType "team-swiss"]
[EventRounds "7"]
[EventCountry "GER"]
[SourceTitle "CBM 194 Extra"]
[Source "ChessBase"]
[SourceDate "2020.03.31"]
[SourceVersion "1"]
[SourceVersionDate "2020.03.31"]
[SourceQuality "1"]
[WhiteTeam "Halle Reideburger"]
[BlackTeam "Hamburger SK"]
[WhiteTeamCountry "GER"]
[BlackTeamCountry "GER"]

1. e4 e5 2. Nf3 Nc6 3. Bb5 g6 4. c3 a6 5. Ba4 Bg7 6. d4 exd4 7. cxd4 b5 8. Bb3 Nge7 9. d5 Na5 10. Bd2 Nxb3 11. Qxb3 c5 12. dxc6 dxc6 13. 0-0 c5 14. Bc3 c4 15. Qc2 0-0 16. Rd1 Qb6 17. Bxg7 Kxg7 18. Nc3 Bg4 19. Nd5 Nxd5 20. Rxd5 Bxf3 21. Qc3+ Qf6 22. e5 Qf5 23. gxf3 Rad8 24. e6+ Qf6 25. e7 Qxc3 26. exf8Q+ 1-0

[Event "GER-chT U16"]
[Site "Magdeburg"]
[Date "2019.12.27"]
[Round "1.4"]
[White "Post, Hugo"]
[Black "Brockhoff, Moritz"]
[Result "1-0"]
[WhiteElo "2181"]
[BlackElo "2014"]
[PlyCount "61"]
[EventDate "2019.12.27"]
[EventType "team-swiss"]
[EventRounds "7"]
[EventCountry "GER"]
[SourceTitle "CBM 194 Extra"]
[Source "ChessBase"]
[SourceDate "2020.03.31"]
[SourceVersion "1"]
[SourceVersionDate "2020.03.31"]
[SourceQuality "1"]
[WhiteTeam "Halle Reideburger"]
[BlackTeam "Paderborn Blauer Springer"]
[WhiteTeamCountry "GER"]
[BlackTeamCountry "GER"]

1. e4 d6 2. d4 Nf6 3. Nc3 g6 4. Bg5 Bg7 5. Qd2 0-0 6. Nf3 c6 7. Bd3 Qc7 8. Bh6 e5 9. dxe5 dxe5 10. h4 Bxh6 11. Qxh6 Ng4 12. Qd2 h5 13. Nh2 Kg7 14. Nxg4 Bxg4 15. f3 Be6 16. 0-0-0 Nd7 17. g4 Nf6 18. Rdg1 Rh8 19. gxh5 Nxh5 20. Ne2 Rad8 21. Qc3 f6 22. Rh2 Bf7 23. Rhg2 Nf4 24. Nxf4 exf4 25. Rg5 Rxh4 26. Rf5 Qe7 27. e5 fxe5 28. Rxe5 Qf6 29. Bxg6 Rh6 30. Rf5 Qxc3 31. Bxf7+ 1-0

[Event "Sachsen-Anhalt Verbandsliga 1920"]
[Site "Sachsen Anhalt"]
[Date "2019.11.17"]
[Round "3.1"]
[White "Post, Hugo"]
[Black "Domroese, Michael"]
[Result "1-0"]
[WhiteElo "2154"]
[BlackElo "1812"]
[PlyCount "63"]
[EventDate "2019.09.29"]
[EventType "team-tourn"]
[EventRounds "9"]
[EventCountry "GER"]
[SourceTitle "EXT 2023"]
[Source "ChessBase"]
[SourceDate "2022.10.05"]
[SourceVersion "1"]
[SourceVersionDate "2022.10.05"]
[SourceQuality "1"]
[WhiteTeam "Reideburg 90 Halle"]
[BlackTeam "Magdeburg SC Norbertus"]
[WhiteTeamCountry "GER"]
[BlackTeamCountry "GER"]

1. e4 e6 2. d4 d5 3. Nd2 dxe4 4. Nxe4 Bd7 5. Nf3 Bc6 6. Ng3 Nd7 7. Bd3 Ngf6 8. 0-0 Be7 9. c3 Bxf3 10. Qxf3 c6 11. Re1 0-0 12. Be3 Nd5 13. Rad1 Nxe3 14. fxe3 Nf6 15. e4 Qb6 16. e5 Nd5 17. c4 Nb4 18. Bb1 Rad8 19. Qe4 g6 20. Kh1 Na6 21. b3 Bb4 22. Rf1 Bc3 23. Ne2 Qa5 24. Rd3 Bd2 25. Qh4 h6 26. Nf4 Bxf4 27. Qxf4 Kg7 28. Rh3 h5 29. Rxh5 gxh5 30. Qg5+ Kh8 31. Qh6+ Kg8 32. Qh7# 1-0

[Event "GER-chT Lands U20"]
[Site "Wuerzburg"]
[Date "2019.10.04"]
[Round "5.1"]
[White "Post, Hugo"]
[Black "Glinzner, Alva"]
[Result "1-0"]
[WhiteElo "2204"]
[BlackElo "1916"]
[PlyCount "87"]
[EventDate "2019.10.01"]
[EventType "team-swiss"]
[EventRounds "7"]
[EventCountry "GER"]
[SourceTitle "EXT 2020"]
[Source "ChessBase"]
[SourceDate "2019.10.17"]
[SourceVersion "1"]
[SourceVersionDate "2019.10.17"]
[SourceQuality "1"]
[WhiteTeam "Sachsen Anhalt"]
[BlackTeam "Schleswig Holstein"]
[WhiteTeamCountry "GER"]
[BlackTeamCountry "GER"]

1. e4 c6 2. d4 d5 3. Nc3 dxe4 4. Nxe4 Bf5 5. Ng3 Bg6 6. h4 h6 7. Nf3 Nd7 8. h5 Bh7 9. Bd3 Bxd3 10. Qxd3 Ngf6 11. Bd2 e6 12. 0-0-0 Be7 13. Ne4 Nxe4 14. Qxe4 Nf6 15. Qe2 Qd5 16. Kb1 Qe4 17. Qf1 Qf5 18. Ne5 Bd6 19. Nc4 Bc7 20. Ne3 Qe4 21. Bc1 0-0-0 22. f3 Qh7 23. g4 Nd5 24. Nc4 Nb6 25. Ne5 Rhf8 26. Qe2 Rd5 27. f4 Bxe5 28. dxe5 Rfd8 29. Rxd5 Nxd5 30. Rd1 Kc7 31. Rd3 Qg8 32. Qd2 Qh7 33. Qa5+ Kc8 34. Qxa7 Rd7 35. Qa8+ Kc7 36. Rb3 b5 37. Ra3 Nb4 38. Ra7+ Kb6 39. Be3+ c5 40. Qb8+ Kc6 41. Qc8+ Kd5 42. Qxc5+ Ke4 43. Qxb4+ Kxe3 44. Rxd7 1-0

[Event "GER-chT Lands U20"]
[Site "Wuerzburg"]
[Date "2019.10.02"]
[Round "1.7"]
[White "Post, Hugo"]
[Black "Schumann, Rabea"]
[Result "1-0"]
[WhiteElo "2204"]
[BlackElo "1922"]
[PlyCount "63"]
[EventDate "2019.10.01"]
[EventType "team-swiss"]
[EventRounds "7"]
[EventCountry "GER"]
[SourceTitle "EXT 2020"]
[Source "ChessBase"]
[SourceDate "2019.10.17"]
[SourceVersion "1"]
[SourceVersionDate "2019.10.17"]
[SourceQuality "1"]
[WhiteTeam "Sachsen Anhalt"]
[BlackTeam "Mecklenburg Vorpommern"]
[WhiteTeamCountry "GER"]
[BlackTeamCountry "GER"]

1. e4 c5 2. Nf3 Nc6 3. d4 cxd4 4. Nxd4 g6 5. c4 Bg7 6. Be3 Nf6 7. Nc3 0-0 8. Be2 b6 9. f3 Bb7 10. 0-0 d6 11. Rc1 Qb8 12. Qd2 Rd8 13. Rfd1 Rd7 14. Nc2 Qf8 15. b4 e6 16. a3 Rad8 17. f4 Ne7 18. Bf3 Nc8 19. Qe1 Ne8 20. Nd4 Nc7 21. Nb3 Qe7 22. c5 dxc5 23. Rxd7 Rxd7 24. bxc5 e5 25. Bg4 Rd3 26. Bxc8 Bxc8 27. cxb6 exf4 28. Nd5 Nxd5 29. Rxc8+ Bf8 30. Bc5 Rxb3 31. Bxe7 Nxe7 32. bxa7 1-0